000 00818nam a22001937a 4500
003 OSt
005 20250827182012.0
008 240313b ||||| |||| 00| 0 eng d
040 _c0
082 _aDPer 621.317 Ie21 July 2022 v.37 n. 7
100 _aYenil, Veli.
_eauthor.
_954451
245 _aLoad independent constant current and constant voltage control of LCC-Series compensated wireless EV charger /
_cVeli Yenil and Sevilay Cetin
260 _aNew York ;
_bThe Institute of Electrical and Electronics Engineers, Inc. ,
_cJuly 2022.
300 _avolume 37, pages 8701-8712 :
_billustration ;
_c28 cm.
500 _aIEEE Transactions on Power Electronics, vol. 37, no. 7, pages 8701-8712, July 2022.
700 _aYenil, Veli.
_eauthor.
_954451
700 _aCetin, Sevilay.
_eauthor.
_954452
942 _2ddc
_cPER
999 _c19636
_d19636